LDR 00633naa#a2200169#i#450# 001 EN\\bibl\121593 005 20260516144325.6 011 ## _a2414-3995 100 ## _a20251022b2025####ek#y0engy0150####ca 102 ## _aRU 200 1# _aPublic security as a legal category: contents, ways of a unified approach to defining the concept _eJournal article 210 1# _aMoscow _cMoscow University of the Ministry of Internal Affairs of Russia named after V.Ya. Kikot _d2025 215 ## _a5 с. 608 ## _aJournal article _2local 675 ## _aПраво. Юридические науки. 34 _z 700 #1 _aSvetlova _gAnna Pavlovna 856 4# _amosumvd.editorum.ru _u